000 00649nam a2200217 i 4500
001 C2-0135310
003 PPAK
005 20180727123934.0
008 971209s1981 my |||| ||||| | may d
040 _aPPAK
_beng
_cPPAK
_erda
082 0 4 _a667.014
_223
090 0 0 _a667.014
_bSEN
_dKMI
090 0 0 _a667.014
_bSEN
_dR
245 0 0 _aSenarai istilah warna :
_bbahasa Inggeris-bahasa Malaysia , bahasa Malaysia-bahasa Inggeris
264 1 _aKuala Lumpur :
_bDewan Bahasa dan Pustaka ,
_c1981
300 _aix, 31 pages ;
_c22 cm
336 _2rdacontent
_atext
337 _2rdamedia
_aunmediated
338 _2rdacarrier
_avolume
942 _ddc
_cB
999 _c42600
_d42600